000
00299nam a22001337a 4500
008
181016b xxu||||| |||| 00| 0 eng d
020
_a
0521280753
041
_a
eng
080
_a
316
100
_a
50
101
_a
SOC
245
_a
Female power and male dominance
_c
Sanday,P.R
942
_2
udc
_c
BK
999
_c
49890
_d
49890